[Event "FRA-chJM5"]
[Site "FRA"]
[Date "1998.??.??"]
[Round "3"]
[White "Fontaine, Robert"]
[Black "Bujisho, Benjamin"]
[Result "1-0"]
[WhiteElo "2365"]
[BlackElo "2250"]

1.e4 c5 2.Nf3 Nc6 3.d4 cxd4 4.Nxd4 Qc7 5.c4 Qe5 6.Nb5 a6 7.N5c3 Nf6 8.f4 Qd4
9.Qf3 e5 10.Be3 Qd6 11.Nd2 Nd4 12.Bxd4 Qxd4 13.O-O-O d6 14.f5 Bd7 15.Nb3 Qa7
16.g4 h6 17.h4 Bc6 18.Be2 O-O-O 19.g5 Nd7 20.Kb1 f6 21.Na5 Be7 22.gxh6 Rxh6
23.h5 Rhh8 24.Rhg1 Bf8 25.b4 Qb6 26.a3 Nc5 27.Ka2 Na4 28.Nd5 Bxd5 29.cxd5 Qa7
30.Rg2 Kb8 31.Qb3 Nb6 32.b5 axb5 33.Qxb5 Rc8 34.Rb1 Rc5 35.Qxb6 Qxb6 36.Rxb6 Rxa5
37.Bf3 Rc5 38.Rgb2 Rc7 39.Be2 Ka7 40.R6b4 Be7 41.Ra4+ Kb8 42.Ba6 Rxh5 43.Rab4 Kc8
44.Bxb7+ Kd8 45.Bc6 Rh3 46.Rb8+ Rc8 47.R8b7 Rc7 48.Rxc7 Kxc7 49.a4 Rc3 50.Rb7+ Kd8
51.a5 Rc5 52.Ra7 Bf8 53.a6 Be7 54.Rd7+ Ke8 55.a7  1-0

[Event "Oberliga Ost A9798"]
[Site "Germany"]
[Date "1998.??.??"]
[Round "?.7"]
[White "Bauer, Joerg"]
[Black "Schikor, Torsten"]
[Result "1/2-1/2"]
[WhiteElo "2225"]
[BlackElo "2115"]

1.e4 c5 2.Nf3 Nc6 3.d4 cxd4 4.Nxd4 Qb6 5.Nb5 a6 6.Be3 Qd8 7.N5c3 e6 8.Be2 Nf6
9.Bf3 Qc7 10.O-O Bd6 11.h3 Ne5 12.Nd2 h5 13.Bg5 Neg4 14.Bxf6 Nxf6 15.Nc4 Be5
16.Nxe5 Qxe5 17.Qd3 b5 18.Rad1 b4 19.Na4 Rb8 20.Qd6 Rb5 21.Nb6 Qxd6 22.Rxd6 O-O
23.Nc4  1/2-1/2

[Event "BL2-West 9900 (Women)"]
[Site "Germany"]
[Date "1998.??.??"]
[Round "?"]
[White "Sadkiewicz, Joanna"]
[Black "Skripchenko, Almira"]
[Result "0-1"]
[WhiteElo "2190"]
[BlackElo "2414"]

1.e4 c5 2.Nf3 Nc6 3.d4 cxd4 4.Nxd4 Qc7 5.Nc3 e6 6.Be2 a6 7.O-O Nf6 8.Kh1 Nxd4
9.Qxd4 Bc5 10.Qd3 b5 11.f4 Bb7 12.Bf3 h5 13.e5 Ng4 14.Bxb7 Qxb7 15.Ne4 Be7
16.Bd2 Nh6 17.Rae1 Nf5 18.Ng3 Nxg3+ 19.Qxg3 g6 20.Bc3 Rc8 21.a3 Qc6 22.Rd1 Bxa3
23.f5 gxf5 24.Rxf5 exf5 25.e6 dxe6 26.Bxh8 Qxc2 27.Re1 Bb4 28.Rf1 Qe2 29.Ra1 Qg4
30.Qb3 Bd6 31.Bc3 Qf4  0-1

[Event "Ruhr-ch Seniors 5th"]
[Site "Germany"]
[Date "1998.??.??"]
[Round "4"]
[White "Dahlhaus, Friedhelm"]
[Black "Rosen, Willy"]
[Result "1/2-1/2"]
[WhiteElo "2005"]
[BlackElo "2220"]

1.e4 c5 2.Nf3 Nc6 3.d4 cxd4 4.Nxd4 Qb6 5.Nb3 Nf6 6.Nc3 e6 7.a3 a6 8.Be2 Be7
9.O-O O-O 10.Be3 Qc7 11.f4 d6 12.Qe1 b5 13.Qg3 Bb7 14.Rae1 Nd7 15.Qh3 b4
16.axb4 Nxb4 17.Nd4 Bf6 18.Bd3 e5 19.Nf5 Nc5 20.Rd1 Rad8 21.fxe5 Bxe5 22.Qg4 Bc8
23.Rf3 g6 24.Bh6 Kh8 25.Bxf8 gxf5 26.exf5 Rxf8 27.Qxb4 Bb7 28.Be4 Nxe4 29.Nxe4 Qxc2
30.Re1 Qxb2 31.Qxb2 Bxb2 32.Rd3 Re8 33.Rd2 Bc3 34.Nxc3 Rxe1+ 35.Kf2 Rc1 36.Ne2 Rc6
37.Nd4 Rb6 38.g4 h6 39.f6 d5 40.Kg3 Kh7 41.h4 Rxf6 42.Rc2 a5 43.Rc7 Ba6 44.Rc5 Bc4
45.Rxa5 Rf1 46.Rc5 h5 47.g5 Rg1+ 48.Kf2 Rg4 49.Nf3 Kg7 50.Rc6 Rf4 51.Kg3  1/2-1/2

[Event "Perenyi mem 2nd"]
[Site "Gyula"]
[Date "1998.??.??"]
[Round "5"]
[White "Feher, Gyula"]
[Black "Fogarasi, Tibor"]
[Result "1/2-1/2"]
[WhiteElo "2445"]
[BlackElo "2440"]

1.e4 c5 2.Nf3 Nc6 3.d4 cxd4 4.Nxd4 Qc7 5.Nc3 e6 6.Be3 a6 7.Bd3 Nf6 8.O-O Ne5
9.h3 Bc5 10.Kh1 d6 11.f4 Nxd3 12.cxd3 b5 13.Rc1 Qb6 14.Nce2 b4 15.e5 Nd5
16.Bg1 O-O 17.exd6 Bb7 18.Rxc5 Qxc5 19.Nxe6 Qxd6 20.Nxf8 Rxf8 21.Qd2 Re8
22.Nd4 h6 23.Nb3 Qg6 24.Nc5 Bc6 25.Kh2 Nf6 26.Bd4 a5 27.f5 Qh5 28.Qf4 Re2
29.Ne4 Nxe4 30.dxe4 Bxe4 31.Rf2 Rxf2 32.Qxf2 Bxf5 33.a3 f6 34.axb4 axb4 35.Qf3 Qg6
36.Qb3+ Kh7  1/2-1/2

[Event "HUN-chT2 9798"]
[Site "HUN"]
[Date "1998.??.??"]
[Round "?"]
[White "Tatar Kis, Szabolcs"]
[Black "Szakolczai, Peter"]
[Result "1-0"]
[WhiteElo "2290"]
[BlackElo "2185"]

1.e4 c5 2.Nf3 Nc6 3.d4 cxd4 4.Nxd4 Qc7 5.Nc3 Nf6 6.Be2 a6 7.O-O e6 8.Kh1 h5
9.f4 Nxd4 10.Qxd4 Bc5 11.Qd3 Ng4 12.e5 Nf2+ 13.Rxf2 Bxf2 14.Ne4 Bh4 15.Nd6+ Kf8
16.Be3 g6 17.c4 Kg7 18.c5 Be7 19.Bd4 Qd8 20.b4 h4 21.Rf1 Rh6 22.Bf3 Rb8 23.a4 Kg8
24.a5 Kf8 25.Be4 Kg8 26.Bb2 Kf8 27.Kg1 Kg8 28.Rd1 Qf8 29.Qc4 h3 30.g3 g5
31.fxg5 Bxg5 32.Bc1 Bxc1 33.Qxc1 Rh5 34.Qf4 Qg7 35.Ne8 Qxe5 36.Nf6+  1-0

[Event "HUN-chT9899"]
[Site "HUN"]
[Date "1998.??.??"]
[Round "?"]
[White "Bokros, Albert"]
[Black "Bagonyai, Attila"]
[Result "1/2-1/2"]
[WhiteElo "2365"]
[BlackElo "2315"]

1.e4 c5 2.Nf3 Nc6 3.d4 cxd4 4.Nxd4 Qc7 5.Nc3 e6 6.g3 a6 7.Bg2 Nf6 8.O-O Be7
9.Re1 O-O 10.Nxc6 dxc6 11.e5 Rd8 12.Qf3 Nd5 13.h4 Nxc3 14.Qxc3 Bd7 15.Bg5 Be8
16.b4 Bxg5 17.hxg5 a5 18.a3 axb4 19.axb4 Rxa1 20.Rxa1 Qb6  1/2-1/2

[Event "HUN-chT9899"]
[Site "HUN"]
[Date "1998.??.??"]
[Round "?"]
[White "Kovacs, Laszlo M"]
[Black "Bagonyai, Attila"]
[Result "1/2-1/2"]
[WhiteElo "2345"]
[BlackElo "2315"]

1.e4 c5 2.Nf3 Nc6 3.d4 cxd4 4.Nxd4 Qc7 5.Nc3 e6 6.Be2 Nf6 7.O-O a6 8.Be3 d6
9.a4 Be7 10.f4 O-O 11.Nb3 Re8 12.Bf3 b6 13.Qd2 Bb7 14.Qf2 Nd7 15.Rad1 Rad8
16.g4 Nb4 17.g5 Bf8 18.Rd2 g6 19.Rfd1 Nc5 20.Rd4  1/2-1/2

[Event "HUN-chT2 9798"]
[Site "HUN"]
[Date "1998.??.??"]
[Round "?"]
[White "Veress, Robert"]
[Black "Kaposztas, Miklos"]
[Result "1/2-1/2"]
[WhiteElo "2255"]
[BlackElo "2330"]

1.e4 c5 2.Nf3 Nc6 3.d4 cxd4 4.Nxd4 Qc7 5.Nc3 Nf6 6.Be2 a6 7.O-O e6 8.a3 Be7
9.Kh1 d6 10.f4 Bd7 11.Nb3 O-O  1/2-1/2

[Event "HUN-chT2 9798"]
[Site "HUN"]
[Date "1998.??.??"]
[Round "?"]
[White "Hajdu, Balazs"]
[Black "Papp Z, Csaba"]
[Result "1-0"]
[WhiteElo "2110"]
[BlackElo "2255"]

1.e4 c5 2.Nf3 Nc6 3.d4 cxd4 4.Nxd4 Qb6 5.Nb3 Nf6 6.Nc3 e6 7.Be3 Qc7 8.a3 Be7
9.Be2 a6 10.O-O Ne5 11.Nd2 d6 12.f4 Ned7 13.Nb3 b5 14.Bf3 Bb7 15.Kh1 O-O
16.Qe2 Rac8 17.Qf2 Qb8 18.Rae1 Qa8 19.Bc1 a5 20.Qd4 e5 21.Qd1 a4 22.fxe5 dxe5
23.Nd2 Bc6 24.Be2 Qb7 25.Bd3 Nc5 26.Qe2 Nxd3 27.Qxd3 b4 28.axb4 Bxb4 29.Qg3 Nd7
30.Nc4 f6 31.Rd1 Qa6 32.Ne3 Rf7 33.Nf5 Kh8 34.Rfe1 a3 35.bxa3 Bxc3 36.Qxc3 Bxe4
37.Qb3 Bxf5 38.Qxf7 Qc6 39.Qd5 Qxc2 40.Rd2 Qa4 41.Qb7 Qc4 42.h3 Nf8 43.Bb2 Re8
44.Rc1 Qf4 45.Qb5 Bg6 46.Rcd1 Ne6 47.Qb4 Qg3 48.Qc3 Qh4 49.Qb4 Qg3 50.Qc3 Qf4
51.Qb4 e4 52.Rd6 h6 53.Qb6 Bf5 54.Qc6 Rb8 55.Bc1 Qe5 56.R6d5 Qa1 57.Rxf5 Nd4
58.Qd6 Nxf5 59.Qxb8+ Kh7 60.Qb2  1-0

[Event "HUN-chT9899"]
[Site "HUN"]
[Date "1998.??.??"]
[Round "?"]
[White "Feher, Gyula"]
[Black "Farkas, Gyula"]
[Result "1-0"]
[WhiteElo "2445"]
[BlackElo "2200"]

1.e4 c5 2.Nf3 Nc6 3.d4 cxd4 4.Nxd4 Qb6 5.Nb3 Nf6 6.Nc3 e6 7.Bd3 a6 8.O-O Be7
9.Be3 Qc7 10.f4 d6 11.Qf3 h5 12.Kh1 Bd7 13.Rae1 Ng4 14.Bg1 Bf6 15.Qd1 Nb4
16.Nd4 Nxd3 17.cxd3 b5 18.Qb3 Qb7 19.Nf3 Bc6 20.h3 Be7 21.Ne2 d5 22.e5 Nh6
23.Ned4 Bd7 24.f5 Nxf5 25.Nxf5 exf5 26.Nd4 g6 27.e6 fxe6 28.Nxe6 Kf7 29.Nf4 Bh4
30.Re5 Kg7 31.Bd4 Kh7 32.Rxd5 Be8 33.Bxh8 Bf7 34.Be5 Bg5 35.Rc1 Bxd5 36.Qc2 Bxf4
37.Bxf4 Re8 38.Qf2 Re7 39.Qg3 Rg7 40.Qg5 Bxa2 41.Qh6+ Kg8 42.Be5  1-0

[Event "HUN-chT 9798"]
[Site "Hungary"]
[Date "1998.??.??"]
[Round "?"]
[White "Czebe, Attila"]
[Black "Fancsy, Imre"]
[Result "1/2-1/2"]
[WhiteElo "2325"]
[BlackElo "2345"]

1.e4 c5 2.Nf3 Nc6 3.d4 cxd4 4.Nxd4 Qc7 5.Nb5 Qb8 6.c4 Nf6 7.N1c3 a6 8.Na3 e6
9.Nc2 b5 10.cxb5 axb5  1/2-1/2

[Event "HUN-chT 9798"]
[Site "Hungary"]
[Date "1998.??.??"]
[Round "?"]
[White "Szurovszky, Elek"]
[Black "Horvath, Jozsef"]
[Result "0-1"]
[WhiteElo "2230"]
[BlackElo "2535"]

1.e4 c5 2.Nf3 Nc6 3.d4 cxd4 4.Nxd4 Qc7 5.Nc3 e6 6.g3 a6 7.Bg2 Nf6 8.O-O Bc5
9.Be3 Ne5 10.Bf4 d6 11.Nb3 Ba7 12.Qe2 b5 13.Be3 O-O 14.Bxa7 Rxa7 15.Nd1 Bb7
16.c3 h6 17.Nd4 Qb6 18.a3 Rc8 19.Kh1 Ba8 20.f4 Ned7 21.Nf2 Nc5 22.Rad1 Re8
23.e5 dxe5 24.fxe5 Bxg2+ 25.Kxg2 Nd5 26.Nh3 Rd7 27.Nf4 Qb7 28.Kg1 Nxf4 29.gxf4 Red8
30.Rde1 Qd5 31.Rf2 Nb3 32.Nf3 Rc8 33.f5 exf5 34.e6 fxe6 35.Qxe6+ Qxe6 36.Rxe6 Nc5
37.Rb6 Rd1+ 38.Kg2 Nd3 39.Rf1 Nxb2 40.Nd4 Rxc3 41.Rxd1 Nxd1 42.Rxa6 f4 43.Ra7 Ne3+
44.Kg1 Rd3 45.Ne6 g5 46.Rg7+ Kh8 47.Rf7 Ng4 48.h4 f3 49.Rf8+ Kh7 50.Rd8 Rxd8
51.Nxd8 gxh4  0-1

[Event "HUN-chT 9798"]
[Site "Hungary"]
[Date "1998.??.??"]
[Round "?"]
[White "Gyimesi, Zoltan"]
[Black "Horvath, Jozsef"]
[Result "1/2-1/2"]
[WhiteElo "2500"]
[BlackElo "2535"]

1.e4 c5 2.Nf3 Nc6 3.d4 cxd4 4.Nxd4 Qb6 5.Nb3 Nf6 6.Nc3 e6 7.Qe2 Bb4 8.Bd2 O-O
9.O-O-O d5 10.exd5 exd5 11.Be3 Qd8 12.Qd3 Be6 13.a3 Ne5 14.Qd4 Nc6 15.Qd3 Ne5
16.Qd4 Nc6  1/2-1/2

[Event "HUN-chT 9798"]
[Site "Hungary"]
[Date "1998.??.??"]
[Round "?"]
[White "Horvath, Jozsef"]
[Black "Csom, Istvan"]
[Result "0-1"]
[WhiteElo "2535"]
[BlackElo "2460"]

1.e4 c5 2.Nf3 Nc6 3.d4 cxd4 4.Nxd4 Qb6 5.Nb3 Nf6 6.Nc3 e6 7.Qe2 Qc7 8.g4 h6
9.h4 a6 10.Rh3 h5 11.g5 Ng4 12.f3 Nge5 13.f4 Ng4 14.Bg2 d6 15.Bd2 g6 16.O-O-O Bg7
17.Be1 Ne7 18.Rhd3 e5 19.f5 gxf5 20.exf5 Bxf5 21.Rxd6 O-O 22.Ne4 Ng6 23.Ba5 Qe7
24.Ng3 Nxh4 25.Qd2 Bg6 26.Bd8 Raxd8 27.Rxd8 Nxg2 28.Rd7 Qe6 29.Qxg2 Ne3 30.Qxb7 Nxd1
31.Rxd1 Qg4 32.Nf1 Qxg5+ 33.Kb1 Qg4 34.Ne3 Qe2  0-1

[Event "HUN-chT 9798"]
[Site "Hungary"]
[Date "1998.??.??"]
[Round "?"]
[White "Bokros, Albert"]
[Black "Toth, Andras"]
[Result "0-1"]
[WhiteElo "2260"]
[BlackElo "2245"]

1.e4 c5 2.Nf3 Nc6 3.d4 cxd4 4.Nxd4 Qb6 5.Nb3 Nf6 6.Nc3 e6 7.Bd3 Qc7 8.f4 d6
9.Qf3 a6 10.g4 b5 11.g5 Nd7 12.Be3 g6 13.a3 Bg7 14.h4 b4 15.axb4 Nxb4 16.O-O O-O
17.Ra4 Rb8 18.Bd2 Nc5 19.Nxc5 Qxc5+ 20.Be3 Qc6 21.Ra3 Nxd3 22.cxd3 Rxb2 23.Rc1 Qb7
24.Qg3 Bd7 25.d4 Rc8 26.h5 Qb4 27.Rxa6 Rxc3 28.Ra8+ Bf8 29.Re1 Rb1 30.hxg6 fxg6
31.Ra1 Rxa1 32.Rxa1 Qb3 33.Re1 Bg7 34.e5 Bc6 35.exd6 Rxe3 36.Qxe3 Qxe3+ 37.Rxe3 Bxd4
38.Kf2 Kf7  0-1

[Event "Ikaria op"]
[Site "Ikaria"]
[Date "1998.??.??"]
[Round "7"]
[White "Nikolaidis, Konstantinos"]
[Black "Managadze, Nikoloz"]
[Result "0-1"]
[WhiteElo "2350"]
[BlackElo "2335"]

1.e4 c5 2.Nf3 Nc6 3.d4 cxd4 4.Nxd4 Qb6 5.Nb3 Nf6 6.Nc3 e6 7.Bd3 d6 8.O-O Be7
9.Kh1 O-O 10.f4 Rd8 11.Qf3 Qc7 12.Bd2 a6 13.Rae1 b5 14.e5 Nd7 15.exd6 Bxd6
16.Bxb5 Bb7 17.Bd3 Nb4 18.Qh3 Nxd3 19.cxd3 Nc5 20.Nxc5 Bxc5 21.Ne4 Bd4 22.b3 Rd5
23.Rc1 Qd7 24.Rc4 f5 25.Nc3 Rd6 26.Na4 Ba7 27.Nb2 e5 28.fxe5 Rg6 29.Rf3 Bd4
30.Na4 Bxf3 31.Qxf3 Re8 32.Nc5 Bxc5 33.Rxc5 Rd8 34.e6 Qxe6 35.Rxf5 Rf6 36.Rxf6 Qxf6
37.Qe2 Qd4 38.h3 Qxd3 39.Qe6+ Kh8 40.Be1 h6 41.b4 Rd4 42.Kh2 Qe4 43.Qxa6 Qxe1
44.Qc8+ Kh7 45.Qf5+ Kg8 46.Qc8+ Kf7 47.Qf5+ Ke7 48.Qc5+ Rd6 49.Qc7+ Rd7 50.Qc5+ Kf7
51.Qf5+ Ke7 52.Qc5+ Ke8 53.Qc8+ Rd8 54.Qc6+ Kf8 55.Qf3+ Kg8 56.Qb3+ Kh8 57.b5 Qe5+
58.Kh1 Rc8  0-1

[Event "Karvina op"]
[Site "Karvina"]
[Date "1998.??.??"]
[Round "?"]
[White "Shtyrenkov, Veniamen"]
[Black "Mashinskaya, Iulia"]
[Result "1/2-1/2"]
[WhiteElo "2460"]
[BlackElo "2370"]

1.e4 c5 2.Nf3 Nc6 3.d4 cxd4 4.Nxd4 Qc7 5.Nc3 e6 6.g3 a6 7.Bg2 Nf6 8.O-O Nxd4
9.Qxd4 Bc5 10.Bf4 d6 11.Qd2 h6 12.Rad1 e5 13.Be3 Ke7 14.h3  1/2-1/2

[Event "Karvina op"]
[Site "Karvina"]
[Date "1998.??.??"]
[Round "?"]
[White "Hermansson, Emil"]
[Black "Mashinskaya, Iulia"]
[Result "1/2-1/2"]
[WhiteElo "2300"]
[BlackElo "2370"]

1.e4 c5 2.Nf3 Nc6 3.d4 cxd4 4.Nxd4 Qc7 5.c4 Nf6 6.Nc3 e6 7.Be3 a6 8.Rc1 Nxd4
9.Qxd4 Ng4 10.Qb6 Qc6 11.Bd4 e5 12.Nd5 Bd6 13.Be2 Nf6 14.Be3 Qxb6 15.Nxf6+ gxf6
16.Bxb6 Bb4+ 17.Kf1 d6 18.a3 Bc5 19.Bxc5 dxc5 20.b4 b6 21.g4  1/2-1/2

[Event "Russia-chB (Women)"]
[Site "Kolontaevo"]
[Date "1998.??.??"]
[Round "?"]
[White "Shadrina, Tatiana"]
[Black "Anisheva, Varvara"]
[Result "1-0"]
[WhiteElo "2300"]
[BlackElo "2190"]

1.e4 c5 2.Nf3 Nc6 3.d4 cxd4 4.Nxd4 Qc7 5.Nc3 e6 6.Be2 a6 7.O-O Nf6 8.Nb3 Bb4
9.Qd3 b6 10.f4 Bb7 11.e5 Bxc3 12.bxc3 Nd5 13.Ba3 Na7 14.c4 Ne7 15.Rad1 h5
16.Rd2 Nf5 17.Nd4 Nxd4 18.Qxd4 Bc6 19.Bf3 b5 20.Qc5 O-O-O 21.Bxc6 dxc6 22.Rd6 Kb7
23.cxb5 axb5 24.Rfd1 Nc8 25.Qd4 Nxd6 26.exd6 Qa5 27.Bc5 Rd7 28.Qxg7 Ra8 29.a3 Qa4
30.Qe5 Qxc2 31.Re1 Rg8 32.Bf2 Qa4 33.Qc5 Qa6 34.a4 bxa4 35.Rb1+ Ka8 36.Rb6 Qa7
37.Qxc6+ Rb7 38.Ra6 Qxa6 39.Qxa6+ Kb8 40.Bb6  1-0

[Event "Korinthos op"]
[Site "Korinthos"]
[Date "1998.??.??"]
[Round "8"]
[White "Gelashvili, Tamaz"]
[Black "Miladinovic, Igor"]
[Result "1/2-1/2"]
[WhiteElo "2445"]
[BlackElo "2565"]

1.e4 c5 2.Nf3 Nc6 3.d4 cxd4 4.Nxd4 Qc7 5.Nc3 e6 6.g3 a6 7.Bg2 Nf6 8.O-O Bc5
9.Nxc6 dxc6 10.Na4 Ba7 11.c4 Nd7 12.b4 a5 13.b5 e5 14.Rb1 Bd4 15.Bb2 c5 16.Bxd4 cxd4
17.c5 Nxc5 18.Qc2 b6 19.Rfc1 Be6 20.Nxc5 Qxc5 21.Qxc5 bxc5 22.Rxc5 Bxa2 23.Rxe5+ Kd7
24.Rd1 Rhd8 25.Rc5 Ke8 26.b6 Rab8 27.Rxa5 Bb3 28.Rd2  1/2-1/2

[Event "MK Cafe Cup-B"]
[Site "Koszalin"]
[Date "1998.??.??"]
[Round "3"]
[White "Kolosowski, Pawel"]
[Black "Hasangatin, Ramil"]
[Result "1/2-1/2"]
[WhiteElo "2155"]
[BlackElo "2460"]

1.e4 c5 2.Nf3 Nc6 3.d4 cxd4 4.Nxd4 Qc7 5.Nc3 e6 6.Be2 a6 7.O-O Nf6 8.Be3 Bb4
9.f3 O-O 10.Kh1 Ne5 11.f4 Nc4 12.Bxc4 Qxc4 13.Qd3 Qc7 14.e5 Ne8 15.Ne4 f5
16.Ng5 Be7 17.Ngf3 b5 18.Rfd1 Bb7 19.a4 b4 20.a5 Bd5 21.Nb3 d6 22.Bb6 Qc8
23.Rac1 dxe5 24.Nxe5 Qb7 25.Qe2 Rc8 26.Nd3 Rf6 27.Ndc5 Qc6 28.c4 bxc3 29.Rxc3 Rg6
30.Rg1 Qa8 31.Re3 Nf6 32.Rxe6 Bxc5 33.Nxc5 Bxe6 34.Qxe6+ Kh8 35.Qxf5 Ng4
36.h3 Rf8 37.Qd7 Nf6 38.Qd3 Nd5 39.f5 Nf4 40.Qxa6 Rxg2 41.Qxa8 Rxg1+ 42.Kxg1 Rxa8
43.Ne6 Nd5 44.Nc7 Nxb6 45.Nxa8 Nxa8 46.a6 Kg8 47.Kf2 Kf7 48.Ke3 Ke7 49.Ke4 Kd6
50.h4 Nb6 51.a7 Na8 52.h5 h6 53.Kf4  1/2-1/2

[Event "RUS-ch sf"]
[Site "Krasnodar"]
[Date "1998.??.??"]
[Round "?"]
[White "Veresagin, Jurij"]
[Black "Poluljahov, Aleksandr"]
[Result "0-1"]
[WhiteElo "2420"]
[BlackElo "2505"]

1.e4 c5 2.Nf3 Nc6 3.d4 cxd4 4.Nxd4 Qc7 5.Nc3 e6 6.g3 a6 7.Bg2 d6 8.O-O Bd7
9.Re1 Be7 10.Nxc6 Bxc6 11.Qg4 h5 12.Qe2 h4 13.a4 Nf6 14.Bg5 hxg3 15.hxg3 b6
16.Rad1 Bb7 17.Rd4 Rc8 18.Red1 Qc6 19.Bf3 Qc5 20.Be3 Qc7 21.Bg5 Bf8 22.Bxf6 gxf6
23.R1d3 Qc5 24.Bg2 Be7 25.Rd2 f5 26.e5 Bxg2 27.Kxg2 dxe5 28.Rd7 e4 29.Qxa6 e3
30.Qb7 exd2 31.Rxe7+ Qxe7 32.Qxc8+ Qd8 33.Qxd8+ Kxd8 34.Kf1 Kd7 35.Ke2 Rd8
36.Kd1 Kc6 37.Nb1 Kc5 38.Nxd2 Kb4 39.Ke2 Kxa4 40.Nc4 Kb5 41.Ne5 f6 42.Nf3 e5
43.Ke3 Kc4 44.Ne1 Rd1 45.Nf3 Kb4 46.Nh4 Rb1 47.Nxf5 Rxb2 48.Kd3 Kc5 49.Ne3 Rb4
50.Ke2 Rd4 51.Nf5 Rd8 52.Kf3 Rd2 53.Ne3 b5 54.Ng4 Rxc2  0-1

[Event "RUS-Cup"]
[Site "Krasnodar"]
[Date "1998.??.??"]
[Round "8"]
[White "Zakharstov, Viacheslav V"]
[Black "Averkin, Orest N"]
[Result "1/2-1/2"]
[WhiteElo "2450"]
[BlackElo "2430"]

1.e4 c5 2.Nf3 Nc6 3.d4 cxd4 4.Nxd4 Qc7 5.Nc3 e6 6.g3 a6 7.Bg2 d6 8.O-O Bd7
9.Re1 Be7 10.Nxc6 Bxc6 11.Qg4 h5 12.Qe2 h4 13.a4 b6 14.Qc4 hxg3 15.hxg3 Qb7
16.Bf4 Nf6 17.b4 Rc8 18.Qd3 e5 19.Bg5 O-O 20.Bxf6 Bxf6 21.Bh3 Ra8 22.b5 axb5
23.axb5 Bd7 24.Bxd7 Qxd7 25.Nd5 Ra5 26.Rxa5 bxa5 27.Ra1 Rb8 28.Nxf6+ gxf6
29.Rxa5 Kg7 30.c4 Qh3 31.Qf3 Rc8 32.Ra4 Rh8 33.Rb4 Qh6 34.Qg4+ Kf8 35.Qc8+ Kg7
36.Qg4+ Kf8 37.Qc8+  1/2-1/2

[Event "RUS-Cup"]
[Site "Krasnoiarsk"]
[Date "1998.??.??"]
[Round "3"]
[White "Ariskin, Alexey"]
[Black "Beshukov, Sergei"]
[Result "0-1"]
[WhiteElo "2335"]
[BlackElo "2405"]

1.e4 c5 2.Nf3 Nc6 3.d4 cxd4 4.Nxd4 Qc7 5.Nc3 e6 6.Be3 a6 7.g3 d6 8.Bg2 Bd7
9.O-O Nf6 10.Qe2 Be7 11.f4 O-O 12.h3 b5 13.a3 Na5 14.Rad1 Nc4 15.Bc1 Rac8
16.Rd3 a5 17.b3 Nb6 18.Be3 b4 19.axb4 axb4 20.Ncb5 Qb8 21.c4 bxc3 22.Rxc3 d5
23.Rxc8 Rxc8 24.exd5 Nbxd5 25.Bf2 Bc5 26.b4 Nxb4 27.Nc3 Qb6 28.Rd1 Nbd5 29.Nxd5 Nxd5
30.Qe1 Rb8  0-1

[Event "RUS-Cup"]
[Site "Krasnoiarsk"]
[Date "1998.??.??"]
[Round "6"]
[White "Beshukov, Sergei"]
[Black "Prokopchuk, Evgeny"]
[Result "1/2-1/2"]
[WhiteElo "2405"]
[BlackElo "2500"]

1.e4 c5 2.Nf3 Nc6 3.d4 cxd4 4.Nxd4 Qb6 5.Nb3 Nf6 6.Nc3 e6 7.Bd3 d6 8.O-O a6
9.Be3 Qc7 10.f4 b5 11.Qf3 Rb8 12.Rae1 Be7 13.Kh1 g6 14.Bg1 O-O 15.f5 Kh8
16.fxe6 Ne5 17.Qe2 fxe6 18.Nd4 Bd7 19.Nf3 Nh5  1/2-1/2

[Event "Kstovo"]
[Site "Kstovo"]
[Date "1998.??.??"]
[Round "9"]
[White "Voitsekhovsky, Stanislav"]
[Black "Skomorokhin, Roman"]
[Result "1-0"]
[WhiteElo "2540"]
[BlackElo "2480"]

1.e4 c5 2.Nf3 Nc6 3.d4 cxd4 4.Nxd4 Qb6 5.Nb3 Nf6 6.Nc3 e6 7.Bd3 a6 8.f4 d6
9.a4 Qc7 10.a5 Nd7 11.O-O Nc5 12.Be3 Nb4 13.Nd4 Be7 14.Qd2 Qd8 15.Be2 O-O
16.Nd1 Nc6 17.Nxc6 bxc6 18.Bxc5 dxc5 19.Qe3 Rb8 20.c3 e5 21.f5 Bg5 22.Qf3 Qf6
23.Bc4 Rd8 24.b3 Rd7 25.Nf2 Qe7 26.Ra2 Bb7 27.Nd3 Rbd8 28.Qe2 h6 29.Rf3 Qd6
30.Ra1 Be7 31.Rg3 Kf8 32.Rf1 Rb8 33.Qh5 Bf6 34.Nf2 Qe7 35.Ng4 Rd6 36.Nxh6  1-0

[Event "Ljubljana op"]
[Site "Ljubljana"]
[Date "1998.??.??"]
[Round "2"]
[White "Roskar, Robert"]
[Black "Avrukh, Boris"]
[Result "0-1"]
[WhiteElo "2270"]
[BlackElo "2525"]

1.e4 c5 2.Nf3 Nc6 3.d4 cxd4 4.Nxd4 Qb6 5.Nb3 Nf6 6.Nc3 e6 7.Be3 Qc7 8.a3 a6
9.f4 d6 10.Be2 b5 11.O-O Be7 12.Bf3 Rb8 13.Qd2 O-O 14.Rad1 Nd7 15.Qf2 b4
16.axb4 Nxb4 17.Kh1 Bf6 18.Ba7 Rb7 19.Bd4 e5 20.Be3 exf4 21.Bxf4 Ne5 22.Nd4 Nc4
23.e5 dxe5 24.Bxb7 Bxb7 25.b3 Nb2 26.Bg3 Qxc3 27.Rd2 exd4 28.Bd6 Re8 29.Re2 Re4
30.Rfe1 N4d3 31.cxd3 Nxd3  0-1

[Event "SLO-ch"]
[Site "Maribor"]
[Date "1998.??.??"]
[Round "1"]
[White "Mohr, Georg"]
[Black "Simic, Dragan"]
[Result "1-0"]
[WhiteElo "2455"]
[BlackElo "2280"]

1.e4 c5 2.Nf3 Nc6 3.d4 cxd4 4.Nxd4 Qc7 5.Nc3 e6 6.Be3 a6 7.Bd3 Nf6 8.O-O Ne5
9.h3 b5 10.f4 Nc4 11.Bxc4 Qxc4 12.Qd3 Bb7 13.a4 Qxd3 14.cxd3 b4 15.Nce2 Bc5
16.Kf2 d6 17.Nb3 Bxe3+ 18.Kxe3 a5 19.Rfc1 Kd7 20.Rc2 Rhc8 21.Rxc8 Bxc8 22.Ned4 e5
23.fxe5 dxe5 24.Nf3 Kd6 25.Rc1 Bd7 26.Nc5 Ra7 27.Nxe5 Kxe5 28.d4+ Kd6 29.e5+ Ke7
30.exf6+ Kxf6 31.Rf1+ Ke7 32.d5 Be8 33.Kd4 Ra8 34.Re1+ Kd6 35.b3 Bd7 36.Nb7+ Kc7
37.Re7 Kxb7 38.Rxd7+ Kb6 39.Rxf7 Rc8 40.Rxg7 Rc3 41.Rxh7 Rxb3 42.Rh6+ Kc7
43.Ra6 Rg3 44.Rxa5 Rxg2 45.Rc5+ Kd7 46.Rb5 Rh2 47.Kc5 Rxh3 48.Rb7+ Kc8 49.Rxb4 Ra3
50.Kb6  1-0

[Event "SLO-ch"]
[Site "Maribor"]
[Date "1998.??.??"]
[Round "6"]
[White "Zupe, Miran"]
[Black "Simic, Dragan"]
[Result "1-0"]
[WhiteElo "2410"]
[BlackElo "2280"]

1.e4 c5 2.Nf3 Nc6 3.d4 cxd4 4.Nxd4 Qc7 5.Nb5 Qb8 6.c4 Nf6 7.N5c3 e6 8.f4 d6
9.Bd3 b6 10.Nd2 Be7 11.Nf3 O-O 12.O-O Rd8 13.Qe2 a6 14.e5 dxe5 15.fxe5 Nd7
16.Ng5 Bxg5 17.Bxg5 Ndxe5 18.Bxd8 Nxd8 19.Be4 Bb7 20.Bxb7 Nxb7 21.Rae1 f6
22.Ne4 Nd6 23.Rxf6  1-0

[Event "SLO-ch (Women)"]
[Site "Maribor"]
[Date "1998.??.??"]
[Round "7"]
[White "Kaps, Darja"]
[Black "Licina, Anita"]
[Result "1-0"]
[WhiteElo "2115"]
[BlackElo "2175"]

1.e4 c5 2.Nf3 Nc6 3.d4 cxd4 4.Nxd4 Qb6 5.Nb3 Nf6 6.Nc3 d6 7.Be2 e6 8.O-O Be7
9.Bg5 a6 10.Kh1 Qc7 11.f4 b5 12.Bf3 b4 13.Ne2 e5 14.f5 O-O 15.c4 Bb7 16.Ng3 a5
17.Be3 a4 18.Nd2 Nd4 19.Nh5 Nd7 20.Qe1 Nc2 21.Qg3 g6 22.Bh6 Nxa1 23.Rxa1 Rfe8
24.Rf1 Bf8 25.Bxf8 Kxf8 26.f6 h6 27.Bg4 Kg8 28.Bf5 Kh7 29.Qh3 gxf5 30.Qxf5+ Kh8
31.Ng7 Rg8 32.Qh5 Nxf6 33.Rxf6 Rxg7 34.Rxh6+  1-0

[Event "SLO-ch"]
[Site "Maribor"]
[Date "1998.??.??"]
[Round "8"]
[White "Podkriznik, Gregor"]
[Black "Simic, Dragan"]
[Result "1/2-1/2"]
[WhiteElo "2330"]
[BlackElo "2280"]

1.e4 c5 2.Nf3 Nc6 3.d4 cxd4 4.Nxd4 Qc7 5.Nc3 e6 6.Be3 a6 7.Bd3 Nf6 8.O-O Ne5
9.h3 Bc5 10.Qe2 Ng6 11.Na4 Ba7 12.c4 Nf4 13.Qd2 Nxd3 14.Qxd3 O-O 15.Rfd1 h6
16.Nf3 Bxe3 17.Qxe3 b5 18.e5 Nd5 19.cxd5 bxa4 20.Rac1 Qb8 21.Rc4 exd5 22.Rh4 d6
23.Rxd5 dxe5 24.Nxe5 Qxb2 25.Rxa4 Re8 26.Qg3 Ra7 27.Ng4 Bxg4 28.Rxg4 Rae7
29.Rd1 Re1+ 30.Rxe1 Rxe1+ 31.Kh2 Re6 32.a4 h5 33.Rc4 Qe5  1/2-1/2

[Event "FRA-chB"]
[Site "Meribel"]
[Date "1998.??.??"]
[Round "9"]
[White "Olivier, Jean Christophe"]
[Black "Godard, Maxence"]
[Result "1-0"]
[WhiteElo "2360"]
[BlackElo "2265"]

1.e4 c5 2.Nf3 Nc6 3.d4 cxd4 4.Nxd4 Qc7 5.c4 e6 6.Nc3 a6 7.Nc2 Nf6 8.Be2 Bd6
9.Be3 O-O 10.Qd2 Be5 11.Nd4 b6 12.O-O Bxh2+ 13.Kh1 Be5 14.f4 Bxd4 15.Bxd4 Nxd4
16.Qxd4 d6 17.Rad1 Ne8 18.e5 dxe5 19.fxe5 f5 20.Nd5 exd5 21.Qxd5+ Qf7 22.Qxa8 Bb7
23.Qd8 Nf6 24.exf6 Bxg2+ 25.Kxg2 Qg6+ 26.Kf2 Rxd8 27.Rxd8+ Kf7 28.fxg7  1-0

[Event "Moscow Kasparov Cup"]
[Site "Moscow"]
[Date "1998.??.??"]
[Round "5"]
[White "Grachev, Boris"]
[Black "Perunovic, Milos"]
[Result "1/2-1/2"]
[WhiteElo "2205"]
[BlackElo "2240"]

1.e4 c5 2.Nf3 Nc6 3.d4 cxd4 4.Nxd4 Qc7 5.Nc3 e6 6.Be2 a6 7.O-O Nf6 8.Be3 Bb4
9.Na4 Be7 10.Nxc6 bxc6 11.Nb6 Rb8 12.Nxc8 Qxc8 13.Qd4 c5 14.Qa4 Rxb2 15.Rab1 Rb4
16.Rxb4 cxb4 17.Bxa6 Qb8 18.f3 O-O 19.Bf2 d5 20.exd5 Nxd5 21.Bc4 Nc3 22.Qb3 Qc7
23.Be1 Rc8 24.Bd3 Qa7+ 25.Bf2 Bc5 26.Bxc5 Qxc5+ 27.Kh1 g6 28.Ra1 Qd4 29.Qb2 Ra8
30.a3 bxa3 31.Rxa3 Rxa3 32.Qxa3  1/2-1/2

[Event "RUS-Cup02"]
[Site "Moscow"]
[Date "1998.??.??"]
[Round "7"]
[White "Sinkevich, Petr"]
[Black "Mashinskaya, Iulia"]
[Result "1-0"]
[WhiteElo "2215"]
[BlackElo "2370"]

1.e4 c5 2.Nf3 Nc6 3.d4 cxd4 4.Nxd4 Qc7 5.Nc3 e6 6.Be2 a6 7.O-O Nf6 8.a3 Be7
9.Kh1 O-O 10.f4 d6 11.Be3 Bd7 12.Nb3 b5 13.g4 d5 14.exd5 Nxd5 15.Nxd5 exd5
16.Bf3 d4 17.Nxd4 Nxd4 18.Bxd4 Rac8 19.Be5 Qa7 20.Bd4 Qc7 21.Be5 Qa7 22.Qe2 Rfe8
23.Qg2 Qc5 24.Rad1 Be6 25.Rf2 Rcd8 26.Rfd2 Qe3 27.Rxd8 Rxd8 28.Rxd8+ Bxd8
29.Qe2 Qc5 30.c3 h6 31.Bd4 Qc8 32.f5 Bd7 33.Qe4 Qc4 34.Kg2 Bg5 35.Qd5 Qxd5
36.Bxd5 h5 37.h3 hxg4 38.hxg4 Kf8 39.Kg3 g6 40.f6 Ke8 41.c4 bxc4 42.Bxc4 a5
43.b4 axb4 44.axb4 Bc6 45.Ba6 Kd7 46.b5 Ba8 47.b6 Kc6 48.Bc4 Bxf6 49.Bxf6 Kxb6
50.Bxf7  1-0